¿Hasta que la muerte los separe? El divorcio en el Nuevo Testamento

Saved in:
Bibliografiske detaljer
Hovedforfatter: Arens, Eduardo F (Author)
Format: Bog
Sprog:spansk
Udgivet: Pamplona, España Verbo Divino 2015
Udgivelse:1a. ed
Serier:Estudios Bíblicos,
Fag:
Tags: Tilføj Tag
Ingen Tags, Vær først til at tagge denne postø!

MARC

LEADER 00000cam a2200000 a 4500
001 UCC8839
003 CL-VaPUC
005 20210426175130.0
008 190823e20150000sp |||||||||||||||||spa|d
020 |a 9788490731956 
040 |c Pontificia Universidad Católica de Valparaíso 
082 0 4 |a 225 ARE 2015  |2 21 
100 0 |a Arens, Eduardo F  |e author  |9 603569 
245 1 0 |a ¿Hasta que la muerte los separe?  |b El divorcio en el Nuevo Testamento 
250 |a 1a. ed 
260 |a Pamplona, España   |b Verbo Divino  |c 2015 
300 |a 222 páginas  
440 |a Estudios Bíblicos,   |n  55  |9 860748 
583 |a last modification  |c 20190823 13:21:00  |k Rodrigo Vera 
650 0 |a Nuevo testamento  |9 257604  |x Divorcio 
942 |c BK  |2 ddc 
945 |d 20190823 13:21:00  |a dcastane 
999 |c 375088  |d 375086 
952 |0 0  |1 0  |3 erb  |4 0  |6 225_000000000000000_ARE_2015  |7 0  |8 A  |9 493977  |a BIBTEO  |b BIBTEO  |d 2019-08-13  |e 8  |g 21000.00  |i 5559618  |o 225 ARE 2015  |p 5559618  |r 2025-01-17  |v 21000.00  |w 2019-11-24  |y BK  |z Catalogado en:20190823  |k ICR